00851nam a2200217 i 450000100060000000300090000600500170001500700030003200800410003510000440007624501480012025000120026826000640028030000330034465100370037770000360041470000250045085200210047599900170049695201200051387318ES-MaACL20250927063036.0t|041221s1954 sp f |||| | spa d1 aKrarup Nielsen, Aage, dn. 1891916498410aQuimonos y uniformes b: el nuevo Japón / cAage Krarup Nielsen ; prólogo de E. Borrás Cubells ; [vertida al castellano por J.M. Adswar]. a1ª ed. aBarcelona : bEdiciones y Publicaciones, c1954 (fJuvenil) a246 p., 49 lám. ; c22 cm. 4aJapón-xHistoria-yS.XX.988851 aBorrás Cubells, Enric.9305581 aAdswar, J. M.918494 aES-MaACLjC-8510 c87318d87318 00104070aATENEOMbATENEOMcSPALd2008-01-17eSCl0oC-8510p1091225r2023-02-23 00:00:00w2023-02-23yMONOGRAFIA